| 000 | 00789nam a22001937a 4500 | ||
|---|---|---|---|
| 008 | 120202t xxu||||| |||| 00| 0 eng d | ||
| 020 | _a0131494619 | ||
| 050 | _aHD30.28.W43 | ||
| 100 | _aWheelen, Thomas L. | ||
| 245 |
_aStrategic management and business policy concepts / _cThomas L. Wheelen and J. David Hunger |
||
| 250 | _a10th ed. | ||
| 260 |
_aNew Jersey: _bPrentice Hall, _cc2006. |
||
| 300 |
_axxiv, 405 p + various pagings _bill; _c25cm. |
||
| 500 | _aIncludes index. | ||
| 505 | _aContents: Introduction to strategic management and business policy -- Scanning the environment -- Strategy formulation -- Strategy implementation and control -- Other strategic issues -- Introduction to case analysis. | ||
| 650 | _aManagement. | ||
| 700 | _aHunger, David J. | ||
| 942 |
_2lcc _cBK |
||
| 999 |
_c582 _d8082 |
||